Gaming Quiz

Random Gaming or Video Games Quiz

Super Smash Bros. Characters (Redux) Quiz Stats

 Plays Quiz Updated Aug 11, 2018

Challenge
Share
Tweet
Embed
Score 0/62 Timer 05:00
282 Plays Today
% Correct
???
55.3%
???
54.1%
???
54%
???
54%
???
51.8%
???
51.6%
???
51.4%
???
50.3%
???
50.2%
???
49.1%
???
48.1%
???
47.8%
???
47.6%
???
47.6%
???
44.8%
???
44.1%
???
43.5%
???
43.3%
???
43%
???
42.7%
???
42.6%
???
42.3%
???
42.1%
???
41.3%
???
40.8%
???
40.3%
???
40.2%
???
40.2%
???
40.1%
???
39.8%
???
39.7%
% Correct
???
39.4%
???
39%
???
38.9%
???
38.7%
???
38.6%
???
38%
???
37.4%
???
37%
???
36.7%
???
35.6%
???
34.9%
???
34.2%
???
33.9%
???
33.9%
???
33.2%
???
31.5%
???
30%
???
29.7%
???
29.2%
???
28.1%
???
27.7%
???
27.6%
???
26.5%
???
26.4%
???
25.3%
???
24.6%
???
24.4%
???
23.8%
???
21.8%
???
21.6%
???
16.5%

You're not logged in!

Compare scores with friends on all Sporcle quizzes.
Join for Free
OR
Log In

You Might Also Like...

Show Comments

Extras

Top Quizzes Today


Score Distribution

Your Account Isn't Verified!

In order to create a playlist on Sporcle, you need to verify the email address you used during registration. Go to your Sporcle Settings to finish the process.

Report this User

Report this user for behavior that violates our Community Guidelines.

Details: